000 00434nam a2200181Ia 4500
001 2775
005 20260306144832.0
008 260306t2013||||xx |||||||||||||| ||spa||
041 _aESP
082 _a230
_bF39
100 _aFernández, Aurelio
_eAUT
245 0 _aYo creo:
_b¿en que creemos los cristianos?
260 _c2013
300 _a238 páginas :
_c24 cm.
650 _aGEN
654 _aCHU
942 _cLIB
_dJUS
_fJUS
_2ddc
_n
999 _c2775
_d2775